Analýza faktorov ovplyvňujúcich výpočet všeobecnej hodnoty podniku prostredníctvom podnikateľskej metódy diplomová práca

Na minha lista:
Detalhes bibliográficos
Autor principal: Bátovská, Katarína
Autor Corporativo: Fakulta podnikového manažmentu EU. Katedra podnikovohospodárska
Outros Autores: Kubica, Milan, 1958-
Formato: Livro
Idioma:eslovaco
Publicado em: Bratislava 2017
Tags: Adicionar Tag
Sem tags, seja o primeiro a adicionar uma tag!

MARC

LEADER 00000nbm a2200000 4500
001 0232257
005 20171030105152.5
041 0 |a slo 
044 |a SK 
245 1 0 |a Analýza faktorov ovplyvňujúcich výpočet všeobecnej hodnoty podniku prostredníctvom podnikateľskej metódy  |b diplomová práca  |c Katarína Bátovská ; školiteľ: Milan Kubica 
264 1 |a Bratislava  |c 2017 
300 |a 68 s. 
100 1 |a Bátovská, Katarína 
700 1 |a Kubica, Milan, 1958- 
710 2 |a Fakulta podnikového manažmentu EU. Katedra podnikovohospodárska